[Event "PRO League Group Stage"]
[Site "chess.com INT"]
[Date "2018.02.07"]
[Round "5"]
[White "Gledura, Benjamin"]
[Black "Mohammad, Nubairshah Shaikh"]
[Result "0-1"]
[WhiteTitle "GM"]
[BlackTitle "IM"]
[WhiteElo "2612"]
[BlackElo "2380"]
[WhiteTeam "Oslo Trolls"]
[BlackTeam "Mumbai Movers"]
[WhiteFideId "712779"]
[BlackFideId "5053196"]
[EventDate "2018.01.18"]

1. Nf3 d5 2. e3 Nf6 3. c4 c5 4. cxd5 Nxd5 5. Nc3 Nc6 6. Bb5 Nxc3 7. dxc3 Qxd1+
8. Kxd1 Bd7 9. e4 a6 10. Ba4 O-O-O 11. Bc2 Bg4+ 12. Ke2 Ne5 13. h3 Bxf3+ 14.
gxf3 e6 15. f4 Ng6 16. Be3 Be7 17. f5 exf5 18. exf5 Ne5 19. Rad1 Nc4 20. Bc1 Bf6
21. f4 Kc7 22. Kf3 b5 23. Rhe1 Rxd1 24. Rxd1 Re8 25. b3 Nb6 26. Be3 c4 27. Bd4
Bxd4 28. Rxd4 Re1 29. f6 g6 30. bxc4 bxc4 31. f5 Rc1 32. fxg6 hxg6 33. Rd2 Rf1+
34. Rf2 Rxf2+ 35. Kxf2 Kd6 36. Ke3 Ke5 37. Be4 a5 38. Bc6 Nd5+ 39. Bxd5 Kxd5 40.
a4 g5 41. Kf3 Ke5 42. Ke3 Kxf6 43. Kd4 Ke6 44. Kxc4 f5 45. Kd4 Kd6 46. c4 Kc6
47. Ke5 f4 48. Kd4 Kd6 49. Ke4 Kc5 50. Kd3 Kb4 51. Kd4 Kxa4 52. c5 Kb5 53. Kd5
f3 54. c6 Kb6 55. Kd6 f2 56. c7 f1=Q 57. c8=Q Qf6+ 58. Kd5 Qf3+ 59. Ke5 Qf4+ 60.
Kd5 a4 61. Qc5+ Ka6 62. Qc6+ Ka7 63. Qc5+ Kb7 64. Qc6+ Kb8 65. Qe8+ Kc7 66. Qe7+
Kc8 67. Qe8+ Kb7 68. Qc6+ Kb8 69. Qb6+ Kc8 70. Qc6+ Kd8 71. Ke6 Qe3+ 72. Kd6
Qe7+ 73. Kd5 Qd7+ 0-1

[Event "PRO League Group Stage"]
[Site "chess.com INT"]
[Date "2018.02.07"]
[Round "5"]
[White "Gledura, Benjamin"]
[Black "Swapnil, S. Dhopade"]
[Result "1/2-1/2"]
[WhiteTitle "GM"]
[BlackTitle "GM"]
[WhiteElo "2612"]
[BlackElo "2533"]
[WhiteTeam "Oslo Trolls"]
[BlackTeam "Mumbai Movers"]
[WhiteFideId "712779"]
[BlackFideId "5019184"]
[EventDate "2018.01.18"]

1. d4 Nf6 2. c4 e6 3. Nf3 d5 4. g3 Be7 5. Bg2 O-O 6. Qc2 c5 7. dxc5 Qa5+ 8. Nbd2
Qxc5 9. O-O b6 10. a3 Bb7 11. b4 Qc7 12. Bb2 dxc4 13. Qxc4 Qxc4 14. Nxc4 Nbd7
15. Nfe5 Bxg2 16. Kxg2 Rfc8 17. Rfc1 Kf8 18. b5 Nc5 19. Rd1 Na4 20. Bd4 a6 21.
Rab1 Ke8 22. Bxb6 Nc3 23. Bd4 Nxd1 24. b6 Rab8 25. Rxd1 Nd5 26. e4 f6 27. exd5
exd5 28. b7 Rxb7 29. Nb6 fxe5 30. Nxc8 exd4 31. Nxe7 Kxe7 32. Rxd4 Kd6 33. Ra4
Rb6 34. Kf3 Kc5 35. Ke3 Rb3+ 36. Kd2 Rb2+ 37. Ke3 Rb3+ 38. Kd2 Rb2+ 39. Ke3 Rb3+
40. Kd2 Rb2+ 1/2-1/2

[Event "PRO League Group Stage"]
[Site "chess.com INT"]
[Date "2018.02.07"]
[Round "5"]
[White "He, Anthony"]
[Black "Xiong, Jeffery"]
[Result "0-1"]
[WhiteTitle "FM"]
[BlackTitle "GM"]
[WhiteElo "2246"]
[BlackElo "2634"]
[WhiteTeam "Seattle Sluggers"]
[BlackTeam "Dallas Destiny"]
[WhiteFideId "2088215"]
[BlackFideId "2047640"]
[EventDate "2018.01.18"]

1. e4 c5 2. Nf3 d6 3. d4 Nf6 4. Nc3 cxd4 5. Nxd4 a6 6. h3 e5 7. Nde2 h6 8. Be3
Be7 9. g3 Be6 10. Bg2 b5 11. a4 b4 12. Nd5 Nxd5 13. exd5 Bf5 14. a5 Nd7 15. c3
bxc3 16. Nxc3 Rb8 17. Qe2 O-O 18. O-O Bg5 19. Na4 Rb5 20. Bb6 Nxb6 21. Nxb6 Qb8
22. Rfd1 Bd8 23. Nc4 Rb4 24. Rac1 Bd7 25. Bf1 Ba4 26. Rd2 Bb5 27. Qd1 Bxc4 28.
Rxc4 Bxa5 29. Rc6 Rxb2 30. Rxb2 Qxb2 31. Rxd6 Bb6 32. Qe2 Qd4 33. Qa2 Rb8 34.
Kg2 Bc5 35. Rc6 Rb2 36. Qxb2 Qxb2 37. Rxc5 e4 38. Rc8+ Kh7 39. Re8 Qd4 40. d6
Qxd6 41. Rxe4 Qd5 42. f3 a5 43. Kf2 Qa2+ 44. Re2 Qa1 45. Re3 a4 46. Bd3+ g6 47.
Re7 Qb2+ 48. Ke3 Kg7 49. Bc4 Qa3+ 0-1

[Event "PRO League Group Stage"]
[Site "chess.com INT"]
[Date "2018.02.07"]
[Round "5"]
[White "He, Anthony"]
[Black "Javakhadze, Zurab"]
[Result "0-1"]
[WhiteTitle "FM"]
[BlackTitle "IM"]
[WhiteElo "2246"]
[BlackElo "2456"]
[WhiteTeam "Seattle Sluggers"]
[BlackTeam "Dallas Destiny"]
[WhiteFideId "2088215"]
[BlackFideId "13603647"]
[EventDate "2018.01.18"]

1. e4 e5 2. Nf3 Nc6 3. Bc4 Bc5 4. c3 Nf6 5. d3 a6 6. Bb3 d6 7. Nbd2 Ba7 8. Nf1
d5 9. Qe2 O-O 10. Ng3 dxe4 11. dxe4 Be6 12. Bg5 h6 13. Rd1 Qe7 14. Be3 Bxe3 15.
Qxe3 Bxb3 16. axb3 a5 17. Nf5 Qe6 18. Nd2 Ne7 19. Nxe7+ Qxe7 20. O-O Qe6 21. Nc4
b6 22. Qg3 Rfe8 23. Rfe1 a4 24. Ra1 axb3 25. Rxa8 Rxa8 26. Qd3 Ra4 27. Nd2 Qc6
28. c4 Qd7 29. Qe2 Qd4 30. Rb1 Nd7 31. Nxb3 Qxc4 32. Qd1 Qxe4 33. Rc1 Nf8 34.
Rxc7 Ne6 35. Rc8+ Kh7 36. Nd2 Rd4 37. Qc1 Qd5 38. Qc2+ g6 39. Nf1 Rd1 40. Qc4
Nf4 41. f3 Rb1 42. Qxd5 Nxd5 43. Kf2 Rxb2+ 44. Ke1 Rxg2 45. Rd8 Nf4 46. Rd7 Kg7
47. h4 b5 48. Nd2 b4 49. Nc4 b3 50. Nxe5 b2 51. Rxf7+ Kg8 52. Rb7 b1=Q+ 53. Rxb1
Rg1+ 54. Kf2 Rxb1 55. Ke3 Ng2+ 56. Kf2 Nxh4 0-1

[Event "PRO League Group Stage"]
[Site "chess.com INT"]
[Date "2018.02.07"]
[Round "5"]
[White "Sebenik, Matej"]
[Black "Bacrot, Etienne"]
[Result "1/2-1/2"]
[WhiteTitle "GM"]
[BlackTitle "GM"]
[WhiteElo "2551"]
[BlackElo "2722"]
[WhiteTeam "Ljubljana Turtles"]
[BlackTeam "Marseille Migraines"]
[WhiteFideId "14602296"]
[BlackFideId "605506"]
[EventDate "2018.01.18"]

1. d4 d5 2. c4 e6 3. Nf3 Nf6 4. Nc3 Be7 5. Bg5 h6 6. Bxf6 Bxf6 7. e3 O-O 8. Rc1
c6 9. Bd3 Nd7 10. O-O b6 11. cxd5 exd5 12. e4 Bb7 13. exd5 cxd5 14. Qb3 Nb8 15.
Rfe1 a6 16. Ne5 Nc6 17. Na4 Nxd4 18. Qxb6 Bxe5 19. Rxe5 Qxb6 20. Nxb6 Rfe8 21.
Rce1 Rxe5 22. Rxe5 Rb8 23. b3 Nc6 24. Rxd5 Nb4 25. Rd4 Nxa2 26. Bc4 Bc6 27. Nd5
Kf8 28. Nc7 a5 29. Rf4 f6 30. Ne6+ Ke7 31. Nxg7 a4 32. Nf5+ Ke8 33. Nd4 axb3 34.
Bxb3 Nc3 35. Rxf6 Bd5 36. Rxh6 Rb4 37. Rh8+ Kd7 38. Rh7+ Ke8 39. Rh8+ Kd7 40.
Rh7+ Ke8 41. Rh8+ Kd7 42. Rh7+ 1/2-1/2

[Event "PRO League Group Stage"]
[Site "chess.com INT"]
[Date "2018.02.07"]
[Round "5"]
[White "Sebenik, Matej"]
[Black "Gozzoli, Yannick"]
[Result "0-1"]
[WhiteTitle "GM"]
[BlackTitle "GM"]
[WhiteElo "2551"]
[BlackElo "2565"]
[WhiteTeam "Ljubljana Turtles"]
[BlackTeam "Marseille Migraines"]
[WhiteFideId "14602296"]
[BlackFideId "616915"]
[EventDate "2018.01.18"]

1. Nf3 d5 2. d4 Nf6 3. c4 c6 4. Nc3 e6 5. Bg5 h6 6. Bxf6 Qxf6 7. e3 g6 8. Be2
Bg7 9. O-O O-O 10. e4 Nd7 11. cxd5 exd5 12. exd5 c5 13. Rc1 cxd4 14. Nb5 Nb6 15.
Nc7 Rb8 16. a4 Rd8 17. Qb3 d3 18. Bxd3 Qxb2 19. Qd1 Bg4 20. h3 Bxf3 21. Qxf3 Qf6
22. Qe4 Rbc8 23. a5 Nd7 24. a6 Qb6 25. axb7 Rxc7 26. Rb1 Qd6 27. Rfe1 Bf6 28.
Qa4 a6 29. Bxa6 Rb8 30. Rb3 Kg7 31. Qb5 Nc5 32. Re8 Nxa6 33. Qxa6 Qxa6 34. Rxb8
Rc1+ 35. Kh2 Be5+ 0-1

[Event "PRO League Group Stage"]
[Site "chess.com INT"]
[Date "2018.02.07"]
[Round "5"]
[White "Liang, Awonder"]
[Black "Chen, Forest"]
[Result "1-0"]
[WhiteTitle "GM"]
[WhiteElo "2572"]
[BlackElo "2107"]
[WhiteTeam "Pittsburgh Pawngrabbers"]
[BlackTeam "Saint Louis Arch Bishops"]
[WhiteFideId "2056437"]
[BlackFideId "30908205"]
[EventDate "2018.01.18"]

1. Nf3 d5 2. g3 c6 3. Bg2 Bg4 4. O-O Nf6 5. d3 e6 6. c4 Bc5 7. Qb3 Qb6 8. Qc2
O-O 9. Nc3 Be7 10. cxd5 cxd5 11. Be3 Qc7 12. Qb3 Nc6 13. Rfc1 Qd7 14. Na4 Na5
15. Qd1 Bxf3 16. Bxf3 b6 17. a3 Rfc8 18. b4 Nb7 19. Rxc8+ Rxc8 20. Bxb6 axb6 21.
Nxb6 Qc7 22. Nxc8 Qxc8 23. Rc1 Qb8 24. Qc2 Nd6 25. Qc7 Qxc7 26. Rxc7 Kf8 27. a4
Ke8 28. b5 Bd8 29. Ra7 Nd7 30. e3 Bb6 31. Ra8+ Bd8 32. Be2 Nb6 33. Ra7 Nbc8 34.
Ra6 Kd7 35. Kf1 Kc7 36. Rc6+ Kb7 37. d4 Bc7 38. Bd3 h6 39. Ke2 Na7 40. Rc1 Ba5
41. g4 Nac8 42. Rc6 Bc7 43. h4 Na7 44. Rc1 Nac8 45. f3 Nb6 46. a5 Nbc4 47. b6
Bd8 48. Ra1 Ka6 49. e4 Bxh4 50. Ra4 Bd8 51. e5 Nb7 52. Bxc4+ dxc4 53. Rxc4 Kxa5
54. Rc7 Kxb6 55. Rxf7 g5 56. Kd3 Kc6 57. Ke4 Na5 58. Rh7 Nc4 59. Rxh6 Kd7 60.
Rh7+ Be7 61. d5 Nd2+ 62. Ke3 Nc4+ 63. Kd4 exd5 64. Kxd5 Nd2 65. Rf7 Ke8 66. Ke6
Bd8 67. Rh7 Kf8 68. Rh8+ Kg7 69. Rxd8 Nxf3 70. Kf5 Kf7 71. Rd7+ Ke8 72. Ra7 Kf8
73. Kf6 Ke8 74. Ra8+ 1-0

[Event "PRO League Group Stage"]
[Site "chess.com INT"]
[Date "2018.02.07"]
[Round "5"]
[White "Liang, Awonder"]
[Black "Caruana, Fabiano"]
[Result "1-0"]
[WhiteTitle "GM"]
[BlackTitle "GM"]
[WhiteElo "2572"]
[BlackElo "2811"]
[WhiteTeam "Pittsburgh Pawngrabbers"]
[BlackTeam "Saint Louis Arch Bishops"]
[WhiteFideId "2056437"]
[BlackFideId "2020009"]
[EventDate "2018.01.18"]

1. e4 e5 2. Nf3 Nc6 3. Bb5 a6 4. Ba4 Nf6 5. O-O Be7 6. Re1 b5 7. Bb3 d6 8. c3
O-O 9. h3 Na5 10. Bc2 c5 11. d4 Nd7 12. d5 Nb6 13. Nbd2 Bd7 14. b3 c4 15. Nf1
Nb7 16. Be3 cxb3 17. axb3 a5 18. Bd3 a4 19. b4 Rc8 20. Qe2 Nc4 21. Bc1 Qe8 22.
N3d2 Nb6 23. Nb1 f5 24. exf5 Bxf5 25. Bxb5 Qg6 26. Be3 Nxd5 27. Ng3 Bxb1 28. Bc4
Be4 29. Qa2 Kh8 30. Bxd5 Bxd5 31. Qxd5 Nd8 32. Rxa4 Ne6 33. b5 Rxc3 34. b6 Rd3
35. Qb5 Qe8 36. Qxe8 Rxe8 37. Rb1 Nc5 38. Ra7 d5 39. b7 Nxb7 40. Rbxb7 Bf8 41.
Nf5 d4 42. Bg5 e4 43. Nxg7 Rd1+ 44. Kh2 Bd6+ 45. g3 Rf8 46. Rf7 Rxf7 47. Rxf7
Kg8 48. Rd7 e3 49. Nh5 Be5 50. fxe3 d3 51. Nf6+ Bxf6 52. Bxf6 Rf1 53. Bg5 Rf2+
54. Kg1 1-0

[Event "PRO League Group Stage"]
[Site "chess.com INT"]
[Date "2018.02.07"]
[Round "5"]
[White "Lagarde, Maxime"]
[Black "Harvey, Marcus R"]
[Result "1/2-1/2"]
[WhiteTitle "GM"]
[BlackTitle "FM"]
[WhiteElo "2586"]
[BlackElo "2349"]
[WhiteTeam "Cannes Blockbusters"]
[BlackTeam "London Lions"]
[WhiteFideId "662399"]
[BlackFideId "400092"]
[EventDate "2018.01.18"]

1. e4 e6 2. d4 d5 3. e5 c5 4. c3 Qb6 5. Nf3 Nc6 6. a3 c4 7. g3 Na5 8. Nbd2 Bd7
9. h4 Ne7 10. Bh3 h6 11. h5 O-O-O 12. Nh4 Kb8 13. O-O g6 14. hxg6 fxg6 15. Ng2
Bg7 16. Nf4 Rdf8 17. Qc2 Rhg8 18. Rb1 g5 19. Nh5 Be8 20. Nxg7 Bg6 21. Qxg6 Nxg6
22. Nxe6 Re8 23. Nc5 Nxe5 24. b4 cxb3 25. Ndxb3 Qg6 26. dxe5 Qxb1 27. Nxa5 Qb5
28. Naxb7 Re7 29. c4 Qxc4 30. Be3 Rxb7 31. Rc1 Qxc1+ 32. Bxc1 Rb1 33. Nd3 h5 34.
Kh2 d4 35. Be6 Re8 36. Bf7 Rxe5 37. Nxe5 Rxc1 38. Bxh5 Rc3 39. f4 gxf4 40. gxf4
Kc7 41. Bg4 Rxa3 42. f5 Ra6 43. Kg3 Rb6 44. Kf4 Kd8 45. Kg5 Ke7 46. Be2 a5 47.
Bc4 a4 48. Ng6+ Kd6 49. f6 Kc5 50. f7 Rb8 51. Ne5 a3 52. Nd7+ Kxc4 53. Nxb8 a2
54. f8=Q a1=Q 55. Qc8+ Kd3 56. Nd7 Qg1+ 57. Kf5 Kd2 58. Ne5 Qf2+ 59. Ke4 Qe3+
60. Kd5 Qc3 61. Nc4+ Kc1 62. Qh8 Qf3+ 63. Kc5 Qf5+ 64. Kb4 Qb1+ 65. Kc5 Qf5+ 66.
Kb4 Qb1+ 67. Kc5 Qf5+ 1/2-1/2

[Event "PRO League Group Stage"]
[Site "chess.com INT"]
[Date "2018.02.07"]
[Round "5"]
[White "Lagarde, Maxime"]
[Black "Edouard, Romain"]
[Result "1-0"]
[WhiteTitle "GM"]
[BlackTitle "GM"]
[WhiteElo "2586"]
[BlackElo "2613"]
[WhiteTeam "Cannes Blockbusters"]
[BlackTeam "London Lions"]
[WhiteFideId "662399"]
[BlackFideId "633429"]
[EventDate "2018.01.18"]

1. e4 c5 2. Nf3 Nc6 3. d4 cxd4 4. Nxd4 g6 5. Nc3 Bg7 6. Be3 Nf6 7. Bc4 O-O 8.
Bb3 a6 9. f3 Qc7 10. Qd2 b5 11. O-O-O Bb7 12. h4 h5 13. Kb1 Na5 14. Bh6 b4 15.
Nd5 Nxb3 16. axb3 Bxd5 17. exd5 Qd6 18. g4 Qxd5 19. Bxg7 Kxg7 20. Nf5+ gxf5 21.
Qg5+ 1-0

[Event "PRO League Group Stage"]
[Site "chess.com INT"]
[Date "2018.02.07"]
[Round "5"]
[White "Grover, Sahaj"]
[Black "Ehlvest, Jaan"]
[Result "0-1"]
[WhiteTitle "GM"]
[BlackTitle "GM"]
[WhiteElo "2484"]
[BlackElo "2536"]
[WhiteTeam "Delhi Dynamite"]
[BlackTeam "Estonia Horses"]
[WhiteFideId "5021103"]
[BlackFideId "4500016"]
[EventDate "2018.01.18"]

1. d4 Nf6 2. Bf4 e6 3. e3 d5 4. Nd2 Bd6 5. Bg3 O-O 6. Ngf3 c5 7. c3 Nc6 8. Bd3
b6 9. Ne5 Bb7 10. f4 Ne7 11. Bf2 Ne4 12. Qf3 f6 13. Bxe4 dxe4 14. Qh3 fxe5 15.
Qxe6+ Rf7 16. fxe5 Bc7 17. O-O Qd5 18. Qg4 cxd4 19. cxd4 Ng6 20. Bg3 Rxf1+ 21.
Rxf1 Re8 22. Nb1 Qxa2 23. h4 Qe6 24. Qh5 b5 25. Nc3 a6 26. Qd1 Ne7 27. Qh5 Qg6
28. Qe2 Qxg3 0-1

[Event "PRO League Group Stage"]
[Site "chess.com INT"]
[Date "2018.02.07"]
[Round "5"]
[White "Grover, Sahaj"]
[Black "Kanep, Meelis"]
[Result "1/2-1/2"]
[WhiteTitle "GM"]
[BlackTitle "GM"]
[WhiteElo "2484"]
[BlackElo "2446"]
[WhiteTeam "Delhi Dynamite"]
[BlackTeam "Estonia Horses"]
[WhiteFideId "5021103"]
[BlackFideId "4501047"]
[EventDate "2018.01.18"]

1. d4 d5 2. c4 dxc4 3. e4 Nc6 4. Nf3 Bg4 5. Bxc4 e6 6. Be3 Bxf3 7. gxf3 Qf6 8.
e5 Qh4 9. Bb5 Bb4+ 10. Nc3 Ne7 11. a3 Bxc3+ 12. bxc3 O-O 13. Qd2 Nd5 14. Bg5 Qh5
15. Rg1 f6 16. Bh6 Rf7 17. c4 Qxh2 18. Ke2 Nc3+ 19. Qxc3 Qxh6 20. Bxc6 bxc6 21.
Rh1 Qf4 22. Qe3 fxe5 23. Qxf4 exf4 24. Rab1 Rd7 25. Rhd1 Rad8 26. Rb7 Rxd4 27.
Rxd4 Rxd4 28. Rxa7 Rxc4 29. Rxc7 Rc2+ 30. Ke1 h5 31. Re7 h4 32. Kf1 h3 33. Kg1
h2+ 34. Kxh2 Rxf2+ 35. Kh3 Rxf3+ 36. Kg4 Rxa3 37. Kxf4 Ra4+ 38. Kf3 Ra3+ 39. Kf4
Ra4+ 40. Kf3 Ra8 41. Rc7 Re8 42. Ke4 e5 43. Rxc6 Kf7 44. Ra6 Re6 45. Ra8 Kf6 46.
Rf8+ Kg5 47. Rf1 g6 48. Rg1+ Kf6 49. Rf1+ Kg7 50. Rg1 Re7 51. Rg2 Kf6 52. Rf2+
Ke6 53. Rg2 Kf7 54. Rf2+ Kg7 55. Rg2 Re8 56. Rg1 Kh6 57. Rh1+ Kg5 58. Rg1+ Kh5
59. Rh1+ Kg5 60. Rg1+ Kf6 61. Rf1+ Ke6 62. Rg1 Kf7 63. Rf1+ Kg8 64. Rg1 Kg7 65.
Rg2 Re7 66. Rg1 Re8 67. Rg2 Kf6 68. Rf2+ Ke6 69. Rg2 Kf6 70. Rf2+ Kg7 71. Rg2
Re6 72. Rg1 Kf7 73. Rg2 Ke7 74. Rg1 Kf7 75. Rg2 Kg7 76. Rg1 Re8 77. Rg2 1/2-1/2

[Event "PRO League Group Stage"]
[Site "chess.com INT"]
[Date "2018.02.07"]
[Round "5"]
[White "Kathmale, Sameer"]
[Black "Hauge, Lars Oskar"]
[Result "1-0"]
[WhiteTitle "IM"]
[BlackTitle "IM"]
[WhiteElo "2300"]
[BlackElo "2436"]
[WhiteTeam "Mumbai Movers"]
[BlackTeam "Oslo Trolls"]
[WhiteFideId "5024498"]
[BlackFideId "1509276"]
[EventDate "2018.01.18"]

1. e4 e5 2. Nf3 Nc6 3. Bb5 a6 4. Ba4 Nf6 5. O-O b5 6. Bb3 Be7 7. d3 O-O 8. Re1
d6 9. c3 Na5 10. Bc2 c5 11. Nbd2 Nc6 12. Nf1 Re8 13. Ne3 Bf8 14. Bb3 Na5 15. Bc2
Nc6 16. Bb3 h6 17. a4 Na5 18. Ba2 b4 19. Bd2 Rb8 20. cxb4 cxb4 21. Rc1 Bd7 22.
Bd5 Nxd5 23. Nxd5 Nc6 24. Rc4 a5 25. Qb3 Qc8 26. Rec1 Qb7 27. Bxh6 Rec8 28. Be3
Bg4 29. Ng5 Bh5 30. Qc2 Nd4 31. Bxd4 Rxc4 32. Qxc4 exd4 33. f3 Bg6 34. h4 Be7
35. g3 Bxg5 36. hxg5 Ra8 37. Qc6 Qb8 38. Ne7+ Kf8 39. Qd7 Qe8 40. Nxg6+ fxg6 41.
Qxd6+ Kg8 42. Qd5+ Kf8 43. Rc7 Rd8 44. Qc5+ Kg8 45. Kg2 Kh8 46. Re7 Qxa4 47. Qc7
Qd1 48. Qxd8+ Kh7 49. Re8 Qe2+ 50. Kh3 Qf1+ 51. Kg4 Qh3+ 52. Kxh3 1-0

[Event "PRO League Group Stage"]
[Site "chess.com INT"]
[Date "2018.02.07"]
[Round "5"]
[White "Kathmale, Sameer"]
[Black "Gledura, Benjamin"]
[Result "0-1"]
[WhiteTitle "IM"]
[BlackTitle "GM"]
[WhiteElo "2300"]
[BlackElo "2612"]
[WhiteTeam "Mumbai Movers"]
[BlackTeam "Oslo Trolls"]
[WhiteFideId "5024498"]
[BlackFideId "712779"]
[EventDate "2018.01.18"]

1. e4 c6 2. d4 d5 3. Nd2 dxe4 4. Nxe4 Bf5 5. Ng3 Bg6 6. c3 e6 7. Nh3 Bd6 8. Nf4
Qc7 9. Qf3 Nd7 10. Bc4 Ngf6 11. O-O Nd5 12. Nxg6 hxg6 13. a4 a5 14. Ba2 N7f6 15.
Re1 Nf4 16. Bd2 g5 17. Nf5 O-O-O 18. Nxd6+ Qxd6 19. Re5 Ng6 20. Bxg5 Nxe5 21.
dxe5 Qxe5 22. h4 Rd7 23. g3 Qe4 24. Kg2 Qxf3+ 25. Kxf3 Nd5 26. Re1 f6 27. Bc1 e5
28. Ke4 g6 29. Kf3 Re8 30. g4 f5 31. Bg5 Rf7 32. Bb1 e4+ 33. Kg2 Kd7 34. Rd1 Ke6
35. Ba2 fxg4 36. Re1 Kd6 37. c4 Nf4+ 38. Kg3 Nh5+ 39. Kg2 c5 40. Bb1 Nf4+ 41.
Kg3 Nh3 42. Bxe4 Nxf2 43. Bf4+ Rxf4 44. Kxf4 g3 45. Kxg3 Nxe4+ 46. Kf4 Rf8+ 47.
Kg4 Ke5 0-1

[Event "PRO League Group Stage"]
[Site "chess.com INT"]
[Date "2018.02.07"]
[Round "5"]
[White "Ter-Sahakyan, Samvel"]
[Black "Ivlev, Aleksey"]
[Result "1-0"]
[WhiteTitle "GM"]
[BlackTitle "FM"]
[WhiteElo "2563"]
[BlackElo "2300"]
[WhiteTeam "Armenia Eagles"]
[BlackTeam "Volga Stormbringers"]
[WhiteFideId "13302531"]
[BlackFideId "24185949"]
[EventDate "2018.01.18"]

1. e4 e5 2. Nf3 Nc6 3. Bc4 Bc5 4. c3 Nf6 5. d3 d6 6. a4 a6 7. Bg5 h6 8. Bh4 g5
9. Bg3 Nh5 10. Nbd2 Qf6 11. Qe2 Nf4 12. Bxf4 Qxf4 13. h3 Bd7 14. Nf1 h5 15. b4
Bb6 16. Ne3 Bxe3 17. fxe3 Qg3+ 18. Kd2 Ke7 19. Raf1 f6 20. Bd5 Nd8 21. Ne1 g4
22. hxg4 Bxg4 23. Nf3 c6 24. Ba2 Ne6 25. Rf2 Ng5 26. Qf1 Bd7 27. Nh4 Rh6 28. a5
Rd8 29. Nf5+ Bxf5 30. Rxf5 d5 31. exd5 cxd5 32. Qf2 Qxf2+ 33. Rxf2 h4 34. Bb3
Rh7 35. Ke2 Rh6 36. Rff1 Rd7 37. Rh2 Kd6 38. c4 dxc4 39. Bxc4 Rdh7 40. Kd2 h3
41. gxh3 e4 42. Kc3 exd3 43. Bxd3 Rc7+ 44. Kb3 Ke6 45. h4 Nf7 46. Bc4+ Ke7 47.
Bxf7 Kxf7 48. Rf4 Re7 49. Rh3 Re5 50. Rc4 Re7 51. Rc5 Rg6 52. h5 Rg1 53. h6 Re1
54. h7 R1xe3+ 55. Rc3 Rxc3+ 56. Kxc3 1-0

[Event "PRO League Group Stage"]
[Site "chess.com INT"]
[Date "2018.02.07"]
[Round "5"]
[White "Ter-Sahakyan, Samvel"]
[Black "Demidov, Mikhail"]
[Result "1-0"]
[WhiteTitle "GM"]
[BlackTitle "IM"]
[WhiteElo "2563"]
[BlackElo "2523"]
[WhiteTeam "Armenia Eagles"]
[BlackTeam "Volga Stormbringers"]
[WhiteFideId "13302531"]
[BlackFideId "4197143"]
[EventDate "2018.01.18"]

1. Nf3 d5 2. g3 c6 3. Bg2 Bg4 4. h3 Bxf3 5. Bxf3 Nf6 6. O-O e5 7. d3 Be7 8. e4
dxe4 9. dxe4 Nbd7 10. Qe2 O-O 11. a4 Qc7 12. Nd2 Rfd8 13. Nc4 Nb6 14. Ne3 g6 15.
Ng4 Nxg4 16. hxg4 Nd7 17. Bg2 Bc5 18. Bg5 Re8 19. c3 Be7 20. Be3 Bc5 21. Bd2 a5
22. Kh1 Rad8 23. Rad1 Nf8 24. f4 exf4 25. gxf4 Qe7 26. Be1 Rxd1 27. Qxd1 Rd8 28.
Qf3 Qe6 29. e5 Qc4 30. b3 Qd3 31. b4 Bb6 32. f5 Qxf3 33. Bxf3 Re8 34. Bg3 axb4
35. cxb4 Bc7 36. b5 cxb5 37. axb5 Bxe5 38. Re1 Nd7 39. Bxb7 Rb8 40. Bxe5 Rxb7
41. Bd4 Rxb5 42. Re8+ Nf8 43. Be3 Kg7 44. f6+ Kxf6 45. Rxf8 h5 46. g5+ Ke6 47.
Re8+ Kf5 48. Rf8 Rb7 49. Kg2 Kg4 50. Rd8 Rb2+ 51. Bd2 Rb6 52. Rd4+ Kf5 53. Rf4+
Ke5 54. Rxf7 Rb2 55. Rf2 Ke4 56. Ba5 Rb5 57. Bd8 Rd5 58. Bf6 Ke3 59. Kg3 Rb5 60.
Rf3+ Ke4 61. Rf4+ Ke3 62. Rf3+ Ke4 63. Ra3 Rb4 64. Rc3 Rb5 65. Rc4+ Kf5 66. Rf4+
Ke6 67. Rf3 Ra5 68. Bd8 Ra8 69. Bb6 Ke5 70. Bc7+ Ke4 71. Rf4+ Ke3 72. Rf6 Rg8
73. Bf4+ Ke4 74. Re6+ Kd5 75. Re5+ Kd4 76. Kf3 Ra8 77. Re6 Rg8 78. Rd6+ Kc5 79.
Ke4 Re8+ 80. Be5 Rg8 81. Rd7 Kc6 82. Rc7+ Kb5 83. Kd5 Rf8 84. Bf6 Re8 85. Rb7+
Ka6 86. Rg7 h4 87. Rxg6 Re1 88. Rh6 Rd1+ 89. Ke4 Re1+ 90. Kf5 Rf1+ 91. Kg4 Rg1+
92. Kxh4 Kb5 93. Kh5 Kc4 94. Kg6 Kd5 95. Rh8 Ke6 96. Re8+ Kd7 97. Re3 Kd6 98.
Kf7 Kd7 99. g6 Rg2 100. Re4 1-0

[Event "PRO League Group Stage"]
[Site "chess.com INT"]
[Date "2018.02.07"]
[Round "5"]
[White "Erenburg, Sergey"]
[Black "Blit, Jacques"]
[Result "1-0"]
[WhiteTitle "GM"]
[BlackTitle "IM"]
[WhiteElo "2564"]
[BlackElo "2374"]
[WhiteTeam "Montclair Sopranos"]
[BlackTeam "Buenos Aires Krakens"]
[WhiteFideId "2805642"]
[BlackFideId "114839"]
[EventDate "2018.01.18"]

1. e4 g6 2. d4 Bg7 3. Nc3 d6 4. Be3 c6 5. h3 b5 6. a3 Nf6 7. f4 Nfd7 8. Nf3 Nb6
9. Bd3 a5 10. O-O Ba6 11. Qe1 b4 12. axb4 axb4 13. Ne2 Bxd3 14. cxd3 Rxa1 15.
Qxa1 N8d7 16. Qa5 O-O 17. Qxb4 Qa8 18. f5 gxf5 19. Ng3 fxe4 20. dxe4 Qa4 21. Qe1
Nc4 22. Nf5 e6 23. Qg3 1-0

[Event "PRO League Group Stage"]
[Site "chess.com INT"]
[Date "2018.02.07"]
[Round "5"]
[White "Erenburg, Sergey"]
[Black "Pichot, Alan"]
[Result "0-1"]
[WhiteTitle "GM"]
[BlackTitle "GM"]
[WhiteElo "2564"]
[BlackElo "2552"]
[WhiteTeam "Montclair Sopranos"]
[BlackTeam "Buenos Aires Krakens"]
[WhiteFideId "2805642"]
[BlackFideId "110973"]
[EventDate "2018.01.18"]

1. e4 c5 2. Nf3 e6 3. d4 cxd4 4. Nxd4 Nc6 5. Nc3 Qc7 6. Be3 a6 7. Be2 Nf6 8. O-O
Be7 9. f4 d6 10. Qe1 O-O 11. Qg3 Nxd4 12. Bxd4 b5 13. a3 Bb7 14. Rae1 Rad8 15.
Kh1 Rd7 16. Bd3 Qd8 17. Qh3 g6 18. f5 gxf5 19. Re3 Kh8 20. Rg3 Rg8 21. Rxg8+
Qxg8 22. Rxf5 exf5 23. Qxf5 Qd8 24. Bxf6+ Bxf6 25. e5 Qg8 26. Be4 Bxe5 27. Qxd7
Qg5 28. g3 Qc1+ 29. Kg2 Qxc2+ 30. Kh3 Bxe4 31. Qxf7 Bf5+ 32. g4 Qxh2# 0-1